• 首页
  • 本馆介绍
  • 公告通知
  • 最新文献
  • 馆藏检索
  • 电子资源
  • 读者导购
  • 参考咨询
  • 我的图书馆
  • 登录
  • 详细信息显示
  • 放入我的书架
  • 预约/预借图书
  • 作者相关作品
  • 分类相关作品
  • 丛书相关作品
  • 出版社相关作品

书目信息

  • 表格格式
  • 工作单格式
  • 卡片格式
题名:
建设工程监理基本理论和相关法规历年真题+考点解读+专家指导
    
 
作者: ;全国监理工程师职业资格考试辅导用书编写委员会 组织编写
分册:  
出版信息: 北京   中国建筑工业出版社  2020.7
页数: 180页
开本: 26cm
丛书名:
单 册:
中图分类: TU712.2
科图分类:
主题词: 建筑工程--监理工作--资格考试--自学参考资料
电子资源:
ISBN: 978-7-112-25058-5
000 01179nam0 2200241 45
001 012001000042
005 20140910134245.0
010    @a978-7-112-25058-5@dCNY38.00
100    @a20200821d2020 em y0chiy50 ea
101 0  @achi
102    @aCN@b110000
105    @ay zq 000yy
106    @ar
200 1  @a建设工程监理基本理论和相关法规历年真题+考点解读+专家指导@Ajian she gong cheng jian li ji ben li lun he xiang guan fa gui li nian zhen ti + kao dian jie du + zhuan jia zhi dao@b专著@f全国监理工程师职业资格考试辅导用书编写委员会组织编写
210    @a北京@c中国建筑工业出版社@d2020.7
215    @a180页@d26cm
300    @a全国监理工程师职业资格考试辅导用书
330    @a本书共十一章,主要内容包括:建设工程监理制度、工程建设程序及组织实施模式、建设工程监理相关法律法规及标准、工程监理企业与监理工程师、建设工程监理招投标与合同管理、建设工程监理组织等。
606 0  @a建筑工程@x监理工作@x资格考试@j自学参考资料
690    @aTU712.2@v5
711 02 @a全国监理工程师职业资格考试辅导用书编写委员会@Aquan guo jian li gong cheng shi zhi ye zi ge kao shi fu dao yong shu bian xie wei yuan hui@4组织编写
801  0 @aCN@bBJSDL@c20211011
905    @b1330153-6@dTU712.2@e1812@f4
    
    建设工程监理基本理论和相关法规历年真题+考点解读+专家指导/全国监理工程师职业资格考试辅导用书编写委员会组织编写.-北京:中国建筑工业出版社,2020.7
    180页;26cm
    全国监理工程师职业资格考试辅导用书
    
    ISBN 978-7-112-25058-5:CNY38.00
    本书共十一章,主要内容包括:建设工程监理制度、工程建设程序及组织实施模式、建设工程监理相关法律法规及标准、工程监理企业与监理工程师、建设工程监理招投标与合同管理、建设工程监理组织等。
●
相关链接 在E读中查询图书 在五车中查询图书 在当当中查询图书 在豆瓣中查询图书


正题名:建设工程监理基本理论和相关法规历年真题+考点解读+专家指导     索取号:TU712.2/1812         预约/预借

序号 登录号 条形码 馆藏地/架位号 状态 备注
1 1330153   213301531   第二样本阅览室/ [索取号:TU712.2/1812] 在馆    
2 1330154   213301540   第三借阅区/ [索取号:TU712.2/1812] 在馆    
3 1330155   213301559   第三借阅区/ [索取号:TU712.2/1812] 在馆    
4 1330156   213301568   第三借阅区/ [索取号:TU712.2/1812] 在馆    
唐山师范学院图书馆 欢迎您!
大连网信软件有限公司© 版权所有